[Event "Rishon Le Ziyyon"]
[Site "Rishon Le Ziyyon"]
[Date "1992.??.??"]
[Round "13"]
[White "Zilberman, Yaacov"]
[Black "Votava, Jan"]
[Result "1-0"]
[WhiteElo "2490"]
[BlackElo "2435"]
[PlyCount "83"]
[EventDate "1992.??.??"]
[Source "ChessBase"]

1. d4 Nf6 2. c4 e6 3. Nc3 Bb4 4. e3 O-O 5. Bd3 Re8 6. Nge2 d5 7. O-O b6 8. a3 Bf8 9. b4 dxc4 10. Bxc4 Bb7 11. Bb2 Nbd7 12. Rc1 g6 13. Qb3 Bg7 14. Rfd1 c6 15. b5 c5 16. dxc5 bxc5 17. Nf4 Qe7 18. a4 Ng4 19. Be2 Nge5 20. a5 Rac8 21. Na4 Qg5 22. Qa3 c4 23. Qa1 Bh6 24. a6 Ba8 25. b6 axb6 26. Bxe5 Nxe5 27. Nxb6 Rc5 28. Qd4 Nf3+ 29. Bxf3 Bxf3 30. a7 Rf5 31. Qd7 Rf8 32. g3 Rxf4 33. exf4 Qh5 34. Nxc4 g5 35. Ne5 Ba8 36. fxg5 Bg7 37. Nc6 Qf3 38. Rd3 Qg4 39. Ne7+ Kh8 40. Rc8 Qe4 41. Rxa8 Rxa8 42. Nc6 1-0

[Event "RUS-Cup5"]
[Site "Ekaterinburg"]
[Date "1997.??.??"]
[Round "4"]
[White "Supatashvili, Khvicha"]
[Black "Isaev, Jamshed"]
[Result "1/2-1/2"]
[WhiteElo "2465"]
[BlackElo "2445"]
[PlyCount "69"]
[EventDate "1997.02.13"]
[Source "ChessBase"]

1. d4 Nf6 2. c4 e6 3. Nc3 Bb4 4. e3 O-O 5. Bd3 Bxc3+ 6. bxc3 d6 7. Ne2 e5 8. e4 Re8 9. f3 c5 10. d5 Nbd7 11. Ng3 Nf8 12. Nf1 Nh5 13. g3 g6 14. Ne3 Bh3 15. Ng4 f5 16. Nf2 fxe4 17. fxe4 Bc8 18. O-O Kg7 19. Ng4 Bxg4 20. Qxg4 Nd7 21. Bg5 Ndf6 22. Qf3 h6 23. Bd2 Rf8 24. Be2 Ng8 25. Qe3 Nhf6 26. Rab1 Qd7 27. Kg2 Nh7 28. h3 Rxf1 29. Rxf1 Rf8 30. Rb1 Nhf6 31. Bd1 Rf7 32. a4 Qd8 33. Bc1 Qc7 34. Rb2 Qd8 35. Ra2 1/2-1/2

[Event "Romania"]
[Site "Romania"]
[Date "1988.??.??"]
[Round "?"]
[White "Marin, Mihail"]
[Black "Navrotescu, Catalin"]
[Result "1-0"]
[WhiteElo "2480"]
[BlackElo "2425"]
[PlyCount "47"]
[EventDate "1988.??.??"]
[Source "www.chesslib.no"]
[SourceDate "2004.05.04"]

1. d4 Nf6 2. c4 e6 3. Nc3 Bb4 4. e3 O-O 5. Bd3 c5 6. Nge2 cxd4 7. exd4 d5 8. cxd5 exd5 9. Bg5 h6 10. Bh4 Nc6 11. O-O Be7 12. Qb3 Be6 13. Rad1 Na5 14. Qa4 Rc8 15. Bb1 g6 16. Rde1 Re8 17. Nf4 Bd7 18. Qc2 Bf5 19. Qd1 Bxb1 20. Rxe7 Qd6 21. Bxf6 Qxf4 22. Be5 Qf5 23. Rxe8+ Rxe8 24. Qxb1 1-0

[Event "FRA, Nationale II 2004/2005"]
[Site "?"]
[Date "2004.11.06"]
[Round "2.1"]
[White "Handke Florian"]
[Black "Anka Emil"]
[Result "1-0"]
[WhiteElo "2467"]
[BlackElo "2435"]
[PlyCount "53"]
[EventDate "2004.??.??"]
[Source "www.chesslib.no"]
[SourceDate "2004.05.04"]

1. d4 Nf6 2. c4 e6 3. Nc3 Bb4 4. e3 c5 5. Bd3 O-O 6. Nf3 cxd4 7. exd4 d5 8. Bg5 dxc4 9. Bxc4 Qc7 10. Qb3 Bxc3+ 11. bxc3 Ne4 12. O-O Nxg5 13. Nxg5 Qf4 14. Nh3 Qf6 15. f4 b6 16. Rae1 Ba6 17. Bxa6 Nxa6 18. Qc4 Nb8 19. Qb5 Qd8 20. f5 exf5 21. Rxf5 Qd7 22. Qd3 Nc6 23. Ng5 g6 24. Rf6 Rae8 25. Ref1 Qd5 26. Nxf7 Rxf7 27. Rxf7 1-0

[Event "New York op"]
[Site "New York"]
[Date "1997.??.??"]
[Round "?"]
[White "Milov, Vadim"]
[Black "Rodriguez, Roberto"]
[Result "1-0"]
[WhiteElo "2610"]
[BlackElo "2285"]
[PlyCount "29"]
[EventDate "1997.04.02"]
[Source "ChessBase"]

1. d4 Nf6 2. c4 e6 3. Nc3 Bb4 4. e3 O-O 5. Bd3 d6 6. Nge2 Nc6 7. O-O e5 8. Nd5 exd4 9. exd4 Nxd5 10. cxd5 Ne7 11. Qa4 c5 12. dxc6 Nxc6 13. d5 Qa5 14. Qxa5 Nxa5 15. Rb1 1-0

[Event "1st Israel Int Op"]
[Site "Ashdod"]
[Date "2003.10.13"]
[Round "2"]
[White "Lerner, Konstantin Z"]
[Black "Porat, Shi"]
[Result "1-0"]
[WhiteElo "2524"]
[BlackElo "2360"]
[PlyCount "153"]
[EventDate "2003.10.04"]
[Source "Roberto Alvarez"]
[SourceDate "2003.10.20"]

1. d4 Nf6 2. c4 e6 3. Nc3 Bb4 4. e3 O-O 5. Bd3 Nc6 6. Nge2 d5 7. cxd5 exd5 8. a3 Bd6 9. Qc2 a6 10. f3 Re8 11. O-O Bf8 12. Nf4 g6 13. b4 Bh6 14. Qf2 Qd6 15. Nfe2 Be6 16. h3 Nd7 17. e4 Bxc1 18. Raxc1 Nb6 19. e5 Qe7 20. g4 Kh8 21. Nf4 f5 22. Nxe6 Qxe6 23. Ne2 Rf8 24. Qe3 Qe7 25. Qh6 Qf7 26. gxf5 gxf5 27. Kf2 Rae8 28. Rg1 Re6 29. Qh4 Rg6 30. Rxg6 Qxg6 31. Rg1 Qf7 32. Nf4 Ne7 33. Qh6 Rg8 34. Rxg8+ Nxg8 35. Qe6 Qxe6 36. Nxe6 Ne7 37. Ke3 Kg8 38. Nd8 Nc4+ 39. Bxc4 dxc4 40. Nxb7 Nd5+ 41. Kd2 Nf4 42. h4 h5 43. Na5 Ng6 44. Nxc4 Nxh4 45. Ke3 Ng2+ 46. Kf2 Nf4 47. Ne3 Nh3+ 48. Kg2 Nf4+ 49. Kf2 Nh3+ 50. Kg2 Nf4+ 51. Kf1 Kf7 52. Nxf5 Ke6 53. Ne3 h4 54. Kf2 Nd3+ 55. Kg2 Ne1+ 56. Kf2 Nd3+ 57. Kg1 Ne1 58. f4 Nf3+ 59. Kg2 Nxd4 60. Kh3 Ne2 61. Kg4 h3 62. Nf1 Kd5 63. Nh2 Nd4 64. Kxh3 Ke4 65. Kg4 Ne6 66. f5 Kxe5 67. Nf3+ Kf6 68. fxe6 Kxe6 69. Kf4 Kd5 70. Nd2 Kd4 71. Nb3+ Kc4 72. Na5+ Kb5 73. Nb7 Ka4 74. Nc5+ Kxa3 75. Nxa6 Ka4 76. Ke5 Kb5 77. Kd5 1-0

[Event "BUL Team Ch"]
[Site "Sofia BUL"]
[Date "1991.??.??"]
[Round "4"]
[White "Semkov, Semko"]
[Black "Genov, Petar"]
[Result "0-1"]
[WhiteElo "2460"]
[BlackElo "2420"]
[PlyCount "90"]
[EventDate "1991.??.??"]
[Source "www.chesslib.no"]
[SourceDate "2004.05.04"]

1. d4 Nf6 2. c4 e6 3. Nc3 Bb4 4. e3 O-O 5. Bd3 b6 6. Nf3 Bb7 7. O-O Bxc3 8. bxc3 d6 9. Nd2 Nbd7 10. e4 Re8 11. Re1 c5 12. f3 Rc8 13. Nf1 cxd4 14. cxd4 e5 15. Be2 Nf8 16. Bb2 Qc7 17. Ne3 Ne6 18. d5 Nc5 19. g4 Red8 20. Nf5 h5 21. Bc1 g6 22. Nh6+ Kg7 23. Bg5 Rh8 24. Qc1 b5 25. gxh5 Qb6 26. Bxf6+ Kxf6 27. Ng4+ Kg7 28. h6+ Kf8 29. Kg2 Qd8 30. f4 Nxe4 31. fxe5 dxe5 32. Qb2 Qd6 33. Qxe5 Qxe5 34. Nxe5 Rxh6 35. Bf3 Nd2 36. Bg4 f5 37. Nd7+ Kf7 38. Rad1 Nxc4 39. Bf3 Rch8 40. Ne5+ Nxe5 41. Rxe5 Rxh2+ 42. Kg1 Rxa2 43. Rde1 Rh3 44. R1e3 Kf6 45. Re7 Rg3+ 0-1

[Event "Open, Bourbon-Lancy FRA"]
[Site "?"]
[Date "1998.??.??"]
[Round "8"]
[White "Foisor, O."]
[Black "Foisor, C."]
[Result "0-1"]
[WhiteElo "2475"]
[BlackElo "2405"]
[PlyCount "90"]
[EventDate "1998.??.??"]
[Source "www.chesslib.no"]
[SourceDate "2004.05.04"]

1. d4 Nf6 2. c4 e6 3. Nc3 Bb4 4. e3 O-O 5. Bd3 c5 6. Nge2 Nc6 7. O-O b6 8. Bd2 Bb7 9. Qb1 d5 10. cxd5 exd5 11. dxc5 bxc5 12. a3 Ba5 13. Rd1 Ne5 14. Na4 Bxd2 15. Rxd2 Qe7 16. Ng3 g6 17. Be2 h5 18. h3 Rad8 19. b4 c4 20. Nc3 h4 21. Nf1 Ne4 22. Rc2 Qf6 23. Nd1 g5 24. f3 Ng3 25. Nf2 Qb6 26. Qe1 Nf5 27. Qc1 f6 28. Rc3 Kg7 29. Ra2 Rf7 30. Rd2 Rfd7 31. Qc2 Nd6 32. Qa2 Nb5 33. Rc1 d4 34. exd4 Nxd4 35. Bd1 Bxf3 36. Rxd4 Bxd1 37. Rxd7+ Rxd7 38. Qb1 Bh5 39. Qe4 Nd3 40. Rc2 Bg6 41. Qe3 Nxf2 42. Rxf2 Qxe3 43. Nxe3 c3 44. Kf1 c2 45. Nxc2 Rd1+ 0-1

[Event "GMA qual"]
[Site "Belgorod RUS"]
[Date "1989.??.??"]
[Round "?"]
[White "Piskov, Yury"]
[Black "Anastasian, Ashot"]
[Result "1-0"]
[WhiteElo "2400"]
[BlackElo "2475"]
[PlyCount "119"]
[EventDate "1989.??.??"]
[Source "www.chesslib.no"]
[SourceDate "2004.05.04"]

1. d4 Nf6 2. c4 e6 3. Nc3 Bb4 4. e3 O-O 5. Bd3 b6 6. Nge2 c5 7. O-O Nc6 8. Ne4 cxd4 9. exd4 Be7 10. Nxf6+ Bxf6 11. Be4 Bb7 12. a3 Rc8 13. Qd3 g6 14. Bh6 Re8 15. b4 d5 16. cxd5 exd5 17. Bf3 Ne7 18. g4 Rc4 19. Be3 Qd7 20. Rfc1 Rec8 21. Rc3 Ba6 22. Qd2 Bb7 23. Rac1 Ba6 24. Kg2 Rxc3 25. Rxc3 Bc4 26. Bg5 Bg7 27. Qf4 Rc6 28. Qb8+ Rc8 29. Qf4 Rc6 30. Re3 f6 31. Qb8+ Kf7 32. Bf4 g5 33. Bg3 h5 34. h3 h4 35. Bh2 Bf8 36. Nc3 Ng6 37. Bd1 Rc8 38. Ba4 Rxb8 39. Bxd7 Rd8 40. Be6+ Kg7 41. Bc7 Nf4+ 42. Bxf4 gxf4 43. Rf3 a5 44. bxa5 bxa5 45. Rxf4 Bxa3 46. Rf5 Bb2 47. Nxd5 Rd6 48. Nc7 Bxe6 49. Ne8+ Kf8 50. Nxd6 Bxf5 51. Nxf5 a4 52. d5 a3 53. Ne3 a2 54. Nc2 Ke7 55. f4 Kd6 56. Kf3 Kc5 57. Ke4 Bc3 58. Kd3 Bb2 59. Ke4 Ba3 60. g5 1-0

[Event "Ptuj"]
[Site "Ptuj"]
[Date "1991.??.??"]
[Round "7"]
[White "Jelen, Iztok"]
[Black "Sher, Miron N"]
[Result "1/2-1/2"]
[WhiteElo "2420"]
[BlackElo "2450"]
[PlyCount "29"]
[EventDate "1991.04.??"]
[Source "ChessBase"]

1. d4 Nf6 2. c4 e6 3. Nc3 Bb4 4. e3 c5 5. Bd3 O-O 6. Nge2 cxd4 7. exd4 d5 8. cxd5 Nxd5 9. a3 Bd6 10. O-O Nc6 11. Nxd5 exd5 12. Bf4 Bxf4 13. Nxf4 Qf6 14. Nxd5 Qd6 15. Nc3 1/2-1/2

[Event "Inv. Tens"]
[Site "?"]
[Date "2003.01.21"]
[Round "5"]
[White "Cebalo Miso"]
[Black "Erwich Marc"]
[Result "1/2-1/2"]
[WhiteElo "2527"]
[BlackElo "2342"]
[PlyCount "118"]
[EventDate "2003.??.??"]
[Source "www.chesslib.no"]
[SourceDate "2004.05.04"]

1. d4 Nf6 2. c4 e6 3. Nc3 Bb4 4. e3 O-O 5. Bd3 b6 6. Nge2 Bb7 7. O-O c5 8. a3 Bxc3 9. bxc3 d6 10. f3 e5 11. e4 Nfd7 12. d5 Na6 13. f4 exf4 14. Bxf4 Ne5 15. Bxe5 dxe5 16. Ng3 Bc8 17. a4 Nc7 18. a5 Rb8 19. axb6 axb6 20. Qh5 f6 21. Be2 Ne8 22. Bg4 Nd6 23. Ra7 Rb7 24. Rxb7 Bxb7 25. Be6+ Kh8 26. Bf5 Nxf5 27. Qxf5 Ba6 28. Ra1 Bxc4 29. Ra7 Qc8 30. Qxc8 Rxc8 31. Nf5 Rb8 32. Kf2 g6 33. Nd6 b5 34. Re7 Kg8 35. Rc7 f5 36. Nxc4 bxc4 37. Rxc5 Rb2+ 38. Kf3 Rd2 39. Rxc4 Rd3+ 40. Ke2 fxe4 41. Rc8+ Kf7 42. c4 Ke7 43. h4 Kd6 44. g4 Rc3 45. h5 gxh5 46. gxh5 e3 47. Rc6+ Kd7 48. Kf3 Ke7 49. h6 Kd7 50. Ke2 e4 51. Kd1 Kd8 52. Ke1 Rc2 53. Ra6 Rxc4 54. Ke2 Rd4 55. Ra7 Rxd5 56. Rxh7 Rh5 57. Kxe3 Ke8 58. Kf4 e3 59. Kxe3 Kf8 1/2-1/2

[Event "Lone Pine op"]
[Site "Lone Pine"]
[Date "1975.??.??"]
[Round "8"]
[White "Tarjan, James Edward"]
[Black "Martz, William E"]
[Result "1/2-1/2"]
[WhiteElo "2480"]
[BlackElo "2385"]
[PlyCount "147"]
[EventDate "1975.??.??"]
[Source "ChessBase"]

1. d4 Nf6 2. c4 e6 3. Nc3 Bb4 4. e3 O-O 5. Bd3 Re8 6. Nge2 Nc6 7. e4 e5 8. d5 Nd4 9. O-O Nxe2+ 10. Qxe2 c6 11. Be3 d6 12. a3 Bxc3 13. bxc3 cxd5 14. cxd5 Qc7 15. Qc2 Nd7 16. Bb5 a6 17. Be2 Nc5 18. Rab1 b6 19. f3 Bd7 20. c4 Rab8 21. Rb4 Rf8 22. g4 f6 23. Kh1 g5 24. h4 h6 25. Kg2 Kg7 26. Rfb1 a5 27. R4b2 Na4 28. Ra2 Rfc8 29. Qd2 Rh8 30. Rc2 Nc5 31. Rcc1 Ba4 32. Rh1 Kf7 33. Rh2 Rbg8 34. Rbh1 Qd8 35. Bd1 Bd7 36. Bc2 Qc8 37. Kg3 Qd8 38. Rh3 Rg6 39. R1h2 Bc8 40. Rh1 Ba6 41. Qc3 Qc7 42. Kg2 Qc8 43. Rb1 Qc7 44. Rhh1 Rgg8 45. Rb2 Rb8 46. Bd2 Rbc8 47. Rbb1 Rhg8 48. Rbc1 Rg7 49. Bd1 Ke7 50. Be2 Qd8 51. Be3 Kd7 52. Rb1 Rb8 53. Bxc5 dxc5 54. Bd1 Kc7 55. Ba4 Qd6 56. Kf2 Re7 57. Rh2 Rf8 58. Ke3 Rb8 59. Bc6 Bb7 60. Ba4 Bc8 61. Rhb2 Bd7 62. Bxd7 Rxd7 63. Rh1 Rf7 64. Rbh2 Rbf8 65. Ke2 Qd7 66. Rd1 Kb7 67. h5 Ka7 68. Ke3 Rd8 69. Rb2 Qc7 70. Rdb1 Rd6 71. Rb5 Rfd7 72. Qb3 Rd8 73. Qa4 R8d7 74. Kf2 1/2-1/2

[Event "Vrnjacka Banja"]
[Site "Vrnjacka Banja YUG"]
[Date "1987.??.??"]
[Round "1"]
[White "Ilic, Dragan"]
[Black "Knezevic, Milorad"]
[Result "1/2-1/2"]
[WhiteElo "2420"]
[BlackElo "2445"]
[PlyCount "73"]
[EventDate "1987.04.??"]
[Source "www.chesslib.no"]
[SourceDate "2004.05.04"]

1. d4 Nf6 2. c4 e6 3. Nc3 Bb4 4. e3 O-O 5. Bd3 Nc6 6. Nge2 e5 7. O-O Re8 8. a3 Bf8 9. d5 Ne7 10. Ng3 Ng6 11. b3 a6 12. Bb2 Bc5 13. Kh1 d6 14. Nce4 Nxe4 15. Nxe4 Ba7 16. f4 Bf5 17. Ng5 Bxd3 18. Qxd3 exf4 19. Qf5 Re7 20. exf4 Qd7 21. Qc2 Rae8 22. Qc3 f5 23. Ne6 Nf8 24. Nxf8 Kxf8 25. Rae1 Re3 26. Rxe3 Rxe3 27. Qc2 Re4 28. h3 Qe7 29. Kh2 Be3 30. Bc1 Bxc1 31. Qxc1 Re3 32. Qd1 Qe4 33. Rf2 Re1 34. Qf3 Re3 35. Qd1 Rd3 36. Qc2 Re3 37. Qd1 1/2-1/2

[Event "URS Ch otbor56"]
[Site "Blagoveshchensk"]
[Date "1988.??.??"]
[Round "?"]
[White "Avshalumov, Alex"]
[Black "Anastasian, Ashot"]
[Result "0-1"]
[WhiteElo "2420"]
[BlackElo "2445"]
[PlyCount "128"]
[EventDate "1988.08.??"]
[Source "www.chesslib.no"]
[SourceDate "2004.05.04"]

1. d4 Nf6 2. c4 e6 3. Nc3 Bb4 4. e3 O-O 5. Bd3 Bxc3+ 6. bxc3 b6 7. f4 Bb7 8. Qc2 d5 9. Nf3 dxc4 10. Bxc4 Nbd7 11. O-O c5 12. Bd3 Rc8 13. Qb1 cxd4 14. cxd4 Nb8 15. e4 h6 16. Bd2 Ba6 17. e5 Bxd3 18. Qxd3 Nd5 19. f5 exf5 20. Qxf5 Qd7 21. Qe4 Nc6 22. Nh4 Nce7 23. Rf3 f5 24. exf6 Rxf6 25. Re1 Rcc6 26. Rxf6 Rxf6 27. h3 Qa4 28. Re2 a5 29. Nf3 b5 30. Ne5 b4 31. Ng4 Rb6 32. Bf4 Nxf4 33. Qxf4 Qd1+ 34. Kf2 Ng6 35. Qe3 a4 36. d5 Rd6 37. Rd2 Qc1 38. Qd4 h5 39. Ne3 h4 40. Rd1 Qc7 41. Qxb4 Qe7 42. Qd2 Nf4 43. Nf5 Nxh3+ 44. gxh3 Rf6 45. Qg5 Qf8 46. Qxh4 Rxf5+ 47. Kg2 Qa3 48. Rd2 Qc1 49. Qd8+ Kh7 50. Qh4+ Kg8 51. Qd8+ Rf8 52. Qg5 Rf1 53. Qe3 Re1 54. Qf2 Rg1+ 55. Kh2 Rh1+ 56. Kg3 Qc3+ 57. Kf4 Qf6+ 58. Ke4 Qg6+ 59. Kd4 Rxh3 60. Kc5 Rc3+ 61. Kb4 Rc8 62. d6 Qb1+ 63. Rb2 Qe4+ 64. Ka5 Qa8+ 0-1

[Event "World Open"]
[Site "Philadelphia, PA USA"]
[Date "1988.??.??"]
[Round "?"]
[White "Gurevich, Dmitry B"]
[Black "Blocker, Calvin"]
[Result "1-0"]
[WhiteElo "2475"]
[BlackElo "2390"]
[PlyCount "119"]
[EventDate "1988.06.??"]
[Source "www.chesslib.no"]
[SourceDate "2004.05.04"]

1. d4 Nf6 2. c4 e6 3. Nc3 Bb4 4. e3 O-O 5. Bd3 c5 6. Nge2 Nc6 7. O-O d6 8. Bc2 e5 9. d5 Ne7 10. a3 Bxc3 11. Nxc3 Ne8 12. b4 b6 13. Bb2 Ng6 14. f4 f5 15. Qd2 Nf6 16. Ne2 e4 17. Rab1 Bd7 18. bxc5 dxc5 19. h3 Ne8 20. a4 Nd6 21. Qc3 Rf7 22. Ng3 h6 23. Nh5 Qe7 24. Rf2 Kh7 25. Bd1 Rg8 26. Ba1 Qd8 27. a5 bxa5 28. Ng3 Qc7 29. Ra2 Rb8 30. Rxb8 Qxb8 31. Rb2 Qc7 32. Nh5 Be8 33. Ra2 Qb7 34. Rb2 Qc7 35. Kh2 Re7 36. Ra2 Nf8 37. Nf6+ gxf6 38. Qxf6 Ng6 39. Bh5 Qd8 40. Rxa5 Rd7 41. Bxg6+ Bxg6 42. Qxd8 Rxd8 43. Rxa7+ Nf7 44. Bf6 Rb8 45. d6 Kg8 46. d7 Nd8 47. Be5 Rb7 48. Ra8 Rxd7 49. Bf6 Bf7 50. Bxd8 Bxc4 51. Bb6+ Kf7 52. Bxc5 Rd2 53. Ra7+ Ke6 54. Re7+ Kf6 55. Rc7 Bf1 56. Bd4+ Kg6 57. Kg1 Be2 58. Rc6+ Kh5 59. Bg7 Kh4 60. Kh2 1-0

[Event "Tenkes Kupa"]
[Site "Harkany"]
[Date "1994.??.??"]
[Round "4"]
[White "Portisch, Ferenc"]
[Black "Chernyshov, Konstantin"]
[Result "1/2-1/2"]
[WhiteElo "2375"]
[BlackElo "2485"]
[PlyCount "83"]
[EventDate "1994.11.??"]
[Source "ChessBase"]

1. d4 Nf6 2. c4 e6 3. Nc3 Bb4 4. e3 O-O 5. Bd3 b6 6. Qf3 Nc6 7. Nge2 Bb7 8. Qh3 e5 9. d5 Ne7 10. Bd2 b5 11. b3 c6 12. O-O Ng6 13. Rfd1 bxc4 14. bxc4 Ba6 15. Ng3 Qa5 16. Nce4 Nxe4 17. Bxb4 Qxb4 18. Bxe4 Bxc4 19. Qxd7 cxd5 20. Bxd5 Rad8 21. Qb7 Qa4 22. Qc6 Qxc6 23. Bxc6 Rxd1+ 24. Rxd1 Bxa2 25. Ra1 Rc8 26. Rxa2 Rxc6 27. Rxa7 Rc1+ 28. Nf1 h5 29. Ra4 f5 30. g3 h4 31. gxh4 e4 32. h5 Nh4 33. Ra7 Kh7 34. Ra6 Rd1 35. Rb6 Kg8 36. Rb7 Rd6 37. Rb1 Kh7 38. Ng3 Kh6 39. h3 Kg5 40. Kh2 Rd2 41. Kg1 Ra2 42. Kf1 1/2-1/2

[Event "It Chiburdanidze"]
[Site "Tblisi"]
[Date "2004.12.03"]
[Round "1"]
[White "Lomineishvili, Maia"]
[Black "Javakhishvili, Lela"]
[Result "1-0"]
[WhiteElo "2429"]
[BlackElo "2423"]
[PlyCount "99"]
[EventDate "2004.12.03"]
[Source "Roberto Alvarez"]
[SourceDate "2004.12.13"]

1. d4 Nf6 2. c4 e6 3. Nc3 Bb4 4. e3 O-O 5. Bd3 Re8 6. Nf3 d5 7. O-O Nbd7 8. a3 Bf8 9. e4 dxe4 10. Nxe4 c5 11. Nxf6+ Nxf6 12. dxc5 Bxc5 13. b4 Bf8 14. Bb2 a5 15. Qc2 axb4 16. Rad1 Qa5 17. axb4 Qxb4 18. Ng5 Be7 19. Bxh7+ Kf8 20. Bg6 Ra5 21. Bc3 Rxg5 22. Bxb4 Bxb4 23. Be4 Bc5 24. Bf3 e5 25. g3 e4 26. Bg2 b6 27. Rde1 Rge5 28. Kh1 Bb7 29. Re2 R5e7 30. Rfe1 Bd4 31. h3 Bc5 32. Kh2 Bb4 33. Rd1 Bc5 34. Red2 e3 35. fxe3 Bxg2 36. Kxg2 Rxe3 37. Rd8 Ne4 38. Rxe8+ Kxe8 39. Qa4+ Ke7 40. Rd7+ Ke6 41. Qc6+ Bd6 42. g4 Rg3+ 43. Kf1 Ke5 44. Rxd6 Nxd6 45. Qd5+ Kf4 46. Qxd6+ Kf3 47. Qxb6 Rxh3 48. Qb3+ Kxg4 49. Qxh3+ Kxh3 50. c5 1-0

[Event "Thessaloniki ol (Men)"]
[Site "Thessaloniki GRE"]
[Date "1984.11.21"]
[Round "3"]
[White "Ravikumar, Vaidyanathan"]
[Black "Ree, Hans"]
[Result "1/2-1/2"]
[WhiteElo "2385"]
[BlackElo "2465"]
[PlyCount "65"]
[EventDate "1984.11.19"]
[Source "www.chesslib.no"]
[SourceDate "2004.05.04"]

1. d4 Nf6 2. c4 e6 3. Nc3 Bb4 4. e3 c5 5. Bd3 O-O 6. Nge2 cxd4 7. exd4 b6 8. O-O Bb7 9. Bg5 Be7 10. Rc1 Nc6 11. Bb1 d5 12. cxd5 Nxd5 13. Qd3 g6 14. Bh6 Re8 15. Rcd1 Ncb4 16. Qh3 Rc8 17. Rfe1 Qd7 18. Bc1 Nxc3 19. Nxc3 Nd5 20. Ne4 Rxc1 21. Rxc1 f5 22. Nc3 Nf4 23. Qe3 Bg5 24. d5 Qe7 25. Rcd1 Nxd5 26. Nxd5 Bxd5 27. Qg3 Bh4 28. Qh3 Rd8 29. b3 Bf6 30. Qg3 Bh4 31. Qh3 Bf6 32. Rc1 Bg5 33. Rcd1 1/2-1/2

[Event "Hastings Challengers 9091"]
[Site "Hastings"]
[Date "1990.??.??"]
[Round "?"]
[White "Suba, Mihai"]
[Black "Franklin, Michael J"]
[Result "1-0"]
[WhiteElo "2520"]
[BlackElo "2330"]
[PlyCount "77"]
[EventDate "1990.12.??"]
[Source "ChessBase"]

1. c4 Nf6 2. Nc3 e6 3. d4 Bb4 4. e3 O-O 5. Bd3 d6 6. Nge2 Nbd7 7. O-O Bxc3 8. Nxc3 Qe7 9. b4 Re8 10. Qb3 b6 11. Bd2 Bb7 12. f4 c5 13. a3 Rab8 14. Rad1 d5 15. f5 Kh8 16. fxe6 fxe6 17. cxd5 exd5 18. Bf5 Nf8 19. bxc5 bxc5 20. Qa4 Bc8 21. Bd3 Be6 22. Qa5 c4 23. Bc2 N8d7 24. Nb5 Bg4 25. Rde1 a6 26. Qxa6 Ra8 27. Qd6 Qxd6 28. Nxd6 Re6 29. Bb4 Nb6 30. h3 Bh5 31. Bf5 Ree8 32. g4 Bg6 33. g5 Ne4 34. Nxe8 Rxe8 35. Ba5 Bxf5 36. Rxf5 g6 37. Re5 Rxe5 38. dxe5 Nc8 39. Rb1 1-0

[Event "Dubai Open 5th"]
[Site "?"]
[Date "2003.04.29"]
[Round "9"]
[White "Molina Tony"]
[Black "Gashimov Vugar"]
[Result "0-1"]
[WhiteElo "2269"]
[BlackElo "2579"]
[PlyCount "80"]
[EventDate "2003.??.??"]
[Source "www.chesslib.no"]
[SourceDate "2004.05.04"]

1. d4 Nf6 2. c4 e6 3. Nc3 Bb4 4. e3 O-O 5. Bd3 Bxc3+ 6. bxc3 c5 7. Ne2 d6 8. O-O Nc6 9. e4 e5 10. d5 Na5 11. Bg5 h6 12. Bh4 g5 13. Bg3 b6 14. Nc1 h5 15. f3 Nh7 16. Nb3 Nb7 17. Qd2 f6 18. Bf2 Rf7 19. g3 Nf8 20. Be3 Bh3 21. Rf2 Rg7 22. Bf1 Bxf1 23. Rfxf1 Qd7 24. a4 Qe8 25. Qg2 Na5 26. Nxa5 bxa5 27. Rfb1 Rb8 28. Qc2 Rgb7 29. Rxb7 Rxb7 30. f4 exf4 31. gxf4 Re7 32. fxg5 Rxe4 33. Bf2 Qg6 34. Rc1 fxg5 35. Kh1 Rxc4 36. Qe2 Re4 37. Qf3 Nd7 38. Qh3 Rg4 39. Re1 Nf6 40. Bg1 Qf5 0-1

[Event "Netanya"]
[Site "Netanya ISR"]
[Date "1971.??.??"]
[Round "15"]
[White "Kagan, Shimon"]
[Black "Kraidman, Yair"]
[Result "1-0"]
[WhiteElo "2400"]
[BlackElo "2440"]
[PlyCount "53"]
[EventDate "1971.06.??"]
[Source "www.chesslib.no"]
[SourceDate "2004.05.04"]

1. d4 Nf6 2. c4 e6 3. Nc3 Bb4 4. e3 O-O 5. Bd3 c5 6. Nge2 d6 7. O-O Nc6 8. Qc2 h6 9. a3 Ba5 10. Rd1 Qe7 11. b3 Bb6 12. Na4 Bc7 13. Bb2 e5 14. dxe5 dxe5 15. Ng3 Rd8 16. Nc3 Be6 17. Nge4 Ng4 18. Be2 Qh4 19. h3 f5 20. hxg4 fxe4 21. g3 Qh3 22. Nd5 Rd7 23. Qxe4 Re8 24. Qg6 Ree7 25. Nf6+ Kf8 26. Nxd7+ Bxd7 27. Rxd7 1-0

[Event "EU-chT (Men)"]
[Site "Debrecen"]
[Date "1992.??.??"]
[Round "2"]
[White "Muir, Andrew J"]
[Black "Hracek, Zbynek"]
[Result "1/2-1/2"]
[WhiteElo "2375"]
[BlackElo "2460"]
[PlyCount "103"]
[EventDate "1992.11.??"]
[Source "ChessBase"]

1. d4 Nf6 2. c4 e6 3. Nc3 Bb4 4. e3 O-O 5. Bd3 b6 6. Nf3 Bb7 7. O-O Bxc3 8. bxc3 Ne4 9. Ne1 f5 10. f3 Ng5 11. c5 Nc6 12. Qe2 Qf6 13. Ba3 Rfe8 14. Nc2 e5 15. d5 Ne7 16. e4 d6 17. cxd6 cxd6 18. Ne3 f4 19. Ng4 Qg6 20. Bb5 h5 21. Bxe8 Qxe8 22. Nf2 Nf7 23. Rfb1 Qa4 24. Qb5 Qxa3 25. Qd7 Bxd5 26. exd5 Kf8 27. Ne4 Qa6 28. Nxd6 Rd8 29. Qb5 Qa3 30. Nxf7 Rxd5 31. Rb3 Rxb5 32. Rxa3 Kxf7 33. Rxa7 Ke6 34. Ra3 Rc5 35. Rb1 Nd5 36. Rab3 g5 37. Kf2 Kd6 38. Ke1 Kc6 39. Kd2 b5 40. Re1 Ne3 41. Rxe3 fxe3+ 42. Kxe3 Rc4 43. Ra3 g4 44. fxg4 Rxg4 45. g3 h4 46. Kf3 Rc4 47. gxh4 Rxh4 48. Kg3 Rh8 49. Ra6+ Kd5 50. Rb6 Kc4 51. Re6 Kd5 52. Rb6 1/2-1/2

[Event "Beersheba-B"]
[Site "Beer Sheba ISR"]
[Date "1991.??.??"]
[Round "?"]
[White "Zilberman, Yaacov"]
[Black "Mikhalevski, Victor"]
[Result "1-0"]
[WhiteElo "2425"]
[BlackElo "2410"]
[PlyCount "85"]
[EventDate "1991.07.??"]
[Source "www.chesslib.no"]
[SourceDate "2004.05.04"]

1. d4 Nf6 2. c4 e6 3. Nc3 Bb4 4. e3 O-O 5. Bd3 Nc6 6. Nf3 Bxc3+ 7. bxc3 Re8 8. O-O e5 9. Nd2 b6 10. Bb2 e4 11. Be2 Na5 12. Nb3 Nxb3 13. axb3 c5 14. dxc5 bxc5 15. Qd6 Qe7 16. Qxe7 Rxe7 17. Ra5 d6 18. Rd1 Ne8 19. b4 Rb7 20. Ba3 cxb4 21. cxb4 Be6 22. Rd4 Rc8 23. Rxe4 Rbc7 24. h3 h5 25. c5 dxc5 26. bxc5 Nf6 27. Rea4 Bb3 28. Rd4 Nd7 29. Ba6 Re8 30. Bb5 Be6 31. c6 Nb8 32. Bd6 Rxc6 33. Ra1 a6 34. Ba4 Rxd6 35. Rxd6 Rf8 36. Rad1 a5 37. Bb5 Bb3 38. R1d3 Bc2 39. Rd2 Be4 40. Rd8 Nc6 41. Rxf8+ Kxf8 42. f3 Na7 43. Rd8+ 1-0

[Event "St Petersburg-ch op"]
[Site "St Petersburg"]
[Date "1992.??.??"]
[Round "?"]
[White "Agrest, Evgenij"]
[Black "Yemelin, Vasily"]
[Result "1/2-1/2"]
[WhiteElo "2485"]
[BlackElo "2345"]
[PlyCount "64"]
[EventDate "1992.??.??"]
[Source "ChessBase"]

1. d4 Nf6 2. c4 e6 3. Nc3 Bb4 4. e3 O-O 5. Bd3 b6 6. Nge2 Bb7 7. a3 Be7 8. e4 d6 9. f3 Nbd7 10. Be3 c5 11. d5 Ne5 12. dxe6 fxe6 13. Nf4 Qd7 14. Be2 Ne8 15. O-O Bg5 16. g3 Nc6 17. Ng2 Bxe3+ 18. Nxe3 Nd4 19. Nc2 Nb3 20. Rb1 Nc7 21. f4 Rad8 22. Qd3 Ba6 23. Bg4 Qf7 24. Ne3 d5 25. exd5 exd5 26. Ncxd5 Nxd5 27. Nxd5 Nd4 28. Qc3 h5 29. Bf3 Bxc4 30. Qxc4 Nxf3+ 31. Rxf3 Qxd5 32. Qxd5+ Rxd5 1/2-1/2

[Event "Viking op"]
[Site "Aaland-Stockholm"]
[Date "1997.??.??"]
[Round "?"]
[White "Greenfeld, Alon"]
[Black "Berg, E."]
[Result "1-0"]
[WhiteElo "2540"]
[BlackElo "2285"]
[PlyCount "45"]
[EventDate "1997.08.??"]
[Source "www.chesslib.no"]
[SourceDate "2004.05.04"]

1. d4 e6 2. c4 Nf6 3. Nc3 Bb4 4. e3 O-O 5. Bd3 c5 6. Nge2 b6 7. O-O Bb7 8. d5 Bxc3 9. Nxc3 d6 10. e4 e5 11. f4 exf4 12. Bxf4 Qe7 13. e5 Ne8 14. Qh5 g6 15. exd6 Nxd6 16. Qh6 Nd7 17. Rae1 Qf6 18. Bxd6 Qxd6 19. Nb5 Qb8 20. Re3 f5 21. Re7 Rf7 22. Rxf7 Kxf7 23. Qxh7+ 1-0